| 000 | 004860000a22001930004500 | ||
|---|---|---|---|
| 001 | 001585 | ||
| 003 | MACL | ||
| 005 | 20150912165345.0 | ||
| 008 | 150912b xxu||||| |||| 00| 0 eng d | ||
| 040 |
_aMACL _cMACL |
||
| 041 | _aEnglish | ||
| 082 | _a823/BOR | ||
| 100 |
_aNirupama, Borgohain _910565 |
||
| 245 |
_aSelected Short Stories _cBorgohain Nirupama |
||
| 260 |
_aNew Delhi _c2004 _bSpectrum Publications, |
||
| 350 | _a220 | ||
| 650 |
_aFiction _910566 |
||
| 942 |
_k823 _cBK _2ddc |
||
| 999 |
_c13505 _d13505 |
||